| 000 | 00451nam a22001577a 4500 | ||
|---|---|---|---|
| 008 | 230519b |||||||| |||| 00| 0 eng d | ||
| 040 |
_aNational Science Library _cNational Science Library |
||
| 080 |
_a581.6(540) _bM9.1 |
||
| 100 |
_aNayar, M P _91745 |
||
| 245 |
_aEconomic plants of India _c/ Volume 1 |
||
| 260 |
_aIndia: _bBotanical Survey of India, _c1989 |
||
| 300 | _a159p. | ||
| 650 | _aEconomic | ||
| 653 | _aPlant | ||
| 942 |
_2udc _cBK |
||
| 999 |
_c32448 _d32448 |
||